Central Library OPAC University of Rajshahi
Normal view MARC view

Entry Personal Name

Number of records used in: 2

001 - CONTROL NUMBER

  • control field: 15640

003 - CONTROL NUMBER IDENTIFIER

  • control field: BD-RjUL

005 - DATE AND TIME OF LATEST TRANSACTION

  • control field: 20250522124427.0

008 - FIXED-LENGTH DATA ELEMENTS

  • fixed length control field: 250522|| aca||aabn | a|a d

040 ## - CATALOGING SOURCE

  • Original cataloging agency: BD-RjUL
  • Transcribing agency: BD-RjUL

100 ## - HEADING--PERSONAL NAME

  • Personal name: :فيض احمد فيض Mirzā Z̤afarulḥasan,
  • Dates associated with a name: 1911-1984

670 ## - SOURCE DATA FOUND

  • Source citation: Work cat.: (BD-RjUL)84975: فيض, احمد فيض , Faiẓ Aḥmad Faiẓ 15637, صلىبىں مرے درىچے مىں : اىام اسىرى کے 135خطوط / Ṣalīben̲ mire darīce men̲ : ayyām-i asīrī ke 135 k̲h̲ut̤ūt̤ /, 1974